Estudio del efecto de las variables de barnizado de láminas con y sin estano para la producción de envases de hojalata
Guardat en:
| Autor principal: | |
|---|---|
| Format: | Llibre |
| Publicat: |
San José, Costa Rica
1992
|
| Matèries: | |
| Etiquetes: |
Afegir etiqueta
Sense etiquetes, Sigues el primer a etiquetar aquest registre!
|
MARC
| LEADER | 00000nam a2200000Ia 4500 | ||
|---|---|---|---|
| 003 | 005422 | ||
| 005 | 20221231144323.0 | ||
| 008 | 140114s1992 c a m 000 ||s d | ||
| 040 | |c cru CEDI | ||
| 090 | |a TFG 2582 | ||
| 100 | |a Chinchilla Rodríguez, Luis Carlos |9 12460 | ||
| 245 | |a Estudio del efecto de las variables de barnizado de láminas con y sin estano para la producción de envases de hojalata | ||
| 260 | |c 1992 |a San José, Costa Rica | ||
| 300 | |a v, 120 hojas ; 28 cm. | ||
| 500 | |a Proyecto de graduación(licenciatura en ingeniería química)--Universidad de Costa Rica. Facultad de Ingeniería. Escuela de Ingeniería Química | ||
| 650 | |x REVESTIMIENTOS PROTECTORES |x BARNICES |x HOJALATA |x PROTECCION |9 12461 | ||
| 942 | |c TFG | ||
| 999 | |c 20111 |d 20111 | ||
